000 00345nam a2200157Ia 4500
003 Ost
005 20260225132551.0
008 260225s9999||||xx |||||||||||||| ||und||
040 _cfsic
041 _afre
082 _a440
100 _aUnited states
_eAuteur
245 4 _aThe Amarican cinema /
245 0 _cUnited states
942 _cكتاب
999 _c34125
_d34125